| 000 | 00661 a2200241 4500 | ||
|---|---|---|---|
| 001 | 000 | ||
| 003 | 000 | ||
| 005 | 20251011184148.0 | ||
| 020 | _a9781032355269 | ||
| 040 | _erda | ||
| 050 | _aJV 8490 .A85 | ||
| 100 | _aAng, Sylvia | ||
| 245 |
_aAsian Migration and New Racism _bBeyond Colour and the West _cEdited by Syvia Ang, et.al. |
||
| 260 |
_aLondon _bRoutledge _c2023 |
||
| 264 |
_aLondon _bRoutledge _c2023 |
||
| 300 | _ax, 208p. | ||
| 336 | _2rdacontent | ||
| 338 | _2rdacarrier | ||
| 490 | _aEthnic and Racial Studies | ||
| 504 | _aIncludes bibliographical references and index | ||
| 650 |
_2 _vRacism. |
||
| 942 |
_2lcc _cBK |
||
| 999 |
_c43726 _d43726 |
||